000 03040nam a2200277 a 4500
003 OSt
005 20251027115213.0
007 cr ||||||a|c|a
008 230427s2020 mx ado|fom||| 001 0 spa d
040 _erda
100 1 _9186845
_aZamora Elizalde, Mayra Clementina
245 1 0 _aIntroducción de leguminosas herbáceas como opción de rehabilitación en la microcuenca Tula, México /
_cPor Mayra Clementina Zamora Elizalde; director de tesis Rosa María García Núñez
264 1 _aChapingo, México :
_bEl autor,
_c2020.
300 _a1 recurso en línea (70 páginas):
_bCuadros, figuras, fotografías y tablas
336 _2rdacontent
_atexto
_btxt
337 _2rdamedia
_acomputadora
_bc
338 _2rdacarrier
_arecurso en línea
_bcr
502 _bMCADS
_cSuelos
_d2020
_gMAE
504 _aIncluye referencias bibliográficas: páginas 10-13-28-33-50-56
520 _aA nivel mundial, regional y local, existen factores que determinan el cambio de uso de suelo. En la microcuenca Tula se desconocen los factores que han generado el deterioro ambiental en el cual se encuentra. Este deterioro se ve reflejado en perdida de suelo y reducción en la productividad, lo cual es necesario corregir. Por ello el objetivo de este trabajo fue evaluar la adaptación de las leguminosas Macroptilium atropurpureum [(Moc. & Sesse ex DC.) Urban] y Vicia sativa L. a partir de la modelación de sus nichos ecológicos para determinar su distribución potencial en la microcuenca Tula, México. Primeramente se diagnosticó la microcuenca mediante un análisis espacial, seguido por la modelación de nichos ecológicos de las dos leguminosas con la herramienta BIOCLIM del programa DIVA-GIS 7.5.0. El diagnóstico sirvió como base para diseñar estrategias que permitan combatir el deterioro de sus recursos naturales, y de él se concluyó que en el periodo analizado (25 años), el área agrícola se incrementó un 33% y una pérdida de superficie forestal de 22%. Las tasas de cambio y probabilidad de permanencia indicaron que de continuar con la tendencia actual seguirán incrementándose las áreas agrícolas y los cuerpos de agua, así como el abandono de algunas superficies debido a su baja productividad. Por otra parte, en la modelación de nichos se encontró que estas especies tienen un potencial muy bajo de distribución en esta región por lo que no se recomienda introducirlas en la microcuenca como una opción de rehabilitación ya que no tendrán un desarrollo óptimo. Para poder realizar rehabilitaciones de terrenos degradados es importante la selección de las especies a utilizar ya que su distribución potencial puede no coincidir con las áreas que se pretende rehabilitar.
650 4 _9144108
_aConservación de suelos
650 4 _9110300
_aSuelos
_xConservación
_xHidalgo
700 1 _946382
_aGarcía Núñez, Rosa María
_eDirector de tesis
856 _uhttp://10.13.5.2/tesis/tm/Zamora_Elizalde_Mayra_Clementina.pdf
_zDESCARGAR PDF
942 _2Clasificación Universidad Autónoma Chapingo
_cTD
999 _c218641
_d218641